La religione dei consumi : cattedrali, pellegrinaggi e riti dell'iperconsumismo /

Đã lưu trong:
Chi tiết về thư mục
Tác giả chính: Ritzer, George (Tác giả)
Định dạng: Sách
Ngôn ngữ:Tiếng Italy
Được phát hành: Bologna : Il mulino, \2000!
Loạt:Incontri ; 21
Những chủ đề:
Các nhãn: Thêm thẻ
Không có thẻ, Là người đầu tiên thẻ bản ghi này!

MARC

LEADER 00000nam a2200000 i 4500
001 IT\ICCU\LO1\0534715
003 ItRI
005 20260115231900.0
008 001115s2000 it |||||| ||||| |||||c
015 |2 IT  |a 2001-11139 
020 |a 8815078150 
040 |b ita  |c importazione bologna sebina 
041 7 |a ita  |2 ISO-639-2 
082 |a 306.3  |9 ISTITUZIONI ECONOMICHE  |2 21 
100 1 |a Ritzer, George  |0 IT\ICCU\MILV\078520  |4 aut 
240 1 0 |a Enchanting a disenchanted world.  |3 IT\ICCU\CFI\0660169  |9 Ritzer, George 
245 1 3 |a La religione dei consumi :  |b cattedrali, pellegrinaggi e riti dell'iperconsumismo /  |c George Ritzer. 
260 |a Bologna :  |b Il mulino,  |c \2000! 
300 |a 250 p. ;  |c 22 cm 
500 |a Trad. di Nicola Rainò. 
650 7 |a Consumo  |x Aspetti socio-culturali 
830 0 |a Incontri ;  |v 21  |0 IT\ICCU\IEI\0115670 
942 |2 ddc  |c BK  |n 0 
952 |0 0  |1 0  |4 0  |6 DOC_306_300000000000000_RIT  |7 0  |9 15230  |a BO  |b BO  |d 2026-01-15  |i 15100  |l 0  |o DOC 306.3 RIT  |p BO15100  |r 2026-01-15 23:19:00  |w 2026-01-15  |x [Sebina 5] [1 v.]  |y BK  |z 1 v. 
999 |c 13113  |d 13113